Latinská Amerika. Ázia
Súčasný vývoj v Brazílii - prebytok štátneho rozpočtu, devalvácia brazílskeho realu. Zníženie životnej úrovne obyvateľov Argentíny. Kolumbia čelí recesii. Snaha Číny o vytváranie nových zdrojov hospodárskeho rastu. Pretrvávajúce sociálne vplyvy bývalej krízy v ázijskom regióne. Expanzívna politika c...
Salvato in:
| Autore principale: | |
|---|---|
| Natura: | Capitolo di libro |
| Lingua: | slovacco |
| Soggetti: | |
| Tags: |
Nessun Tag, puoi essere il primo ad aggiungerne!!
|
MARC
| LEADER | 00000naa a2200000 4500 | ||
|---|---|---|---|
| 001 | r035449 | ||
| 005 | 20230824101211.6 | ||
| 041 | 0 | |a slo | |
| 044 | |a SK | ||
| 245 | 1 | 0 | |a Latinská Amerika. Ázia |c Ľuboš Jančík |
| 520 | |a Súčasný vývoj v Brazílii - prebytok štátneho rozpočtu, devalvácia brazílskeho realu. Zníženie životnej úrovne obyvateľov Argentíny. Kolumbia čelí recesii. Snaha Číny o vytváranie nových zdrojov hospodárskeho rastu. Pretrvávajúce sociálne vplyvy bývalej krízy v ázijskom regióne. Expanzívna politika centrálnej banky Japonska (BOJ). | ||
| 610 | 2 | 0 | |a situácia hospodárska |
| 610 | 2 | 0 | |a vývoj hospodársky |
| 610 | 2 | 0 | |a Latinská Amerika |
| 610 | 2 | 0 | |a Brazília |
| 610 | 2 | 0 | |a rozpočet štátny |
| 610 | 2 | 0 | |a reál |
| 610 | 2 | 0 | |a Argentína |
| 610 | 2 | 0 | |a úroveň životná |
| 610 | 2 | 0 | |a produkt domáci hrubý |
| 610 | 2 | 0 | |a Kolumbia |
| 610 | 2 | 0 | |a recesia |
| 610 | 2 | 0 | |a Čína |
| 610 | 2 | 0 | |a rast hospodársky |
| 610 | 2 | 0 | |a Ázia |
| 610 | 2 | 0 | |a kríza hospodárska |
| 610 | 2 | 0 | |a dôsledky sociálne |
| 610 | 2 | 0 | |a Japonsko |
| 610 | 2 | 0 | |a banky centrálne |
| 100 | 1 | |a Jančík, Ľuboš | |